|
|
|
|
| LEADER |
01707nam a2200421 a 4500 |
| 001 |
EBC3015003 |
| 003 |
MiAaPQ |
| 005 |
20200520144314.0 |
| 006 |
m o d | |
| 007 |
cr cn||||||||| |
| 008 |
081021s2008 ne sbm 000 0 eng d |
| 010 |
|
|
|z 2008276897
|
| 020 |
|
|
|z 9781586038779
|
| 020 |
|
|
|z 158603877X
|
| 035 |
|
|
|a (MiAaPQ)EBC3015003
|
| 035 |
|
|
|a (Au-PeEL)EBL3015003
|
| 035 |
|
|
|a (CaPaEBR)ebr10425034
|
| 035 |
|
|
|a (OCoLC)923642875
|
| 040 |
|
|
|a MiAaPQ
|c MiAaPQ
|d MiAaPQ
|
| 041 |
0 |
|
|a eng
|b dut
|
| 043 |
|
|
|a e-ne---
|
| 050 |
|
4 |
|a TH3361
|b .M66 2008
|
| 100 |
1 |
|
|a Mossel, Johan Hendrik van,
|d 1981-
|
| 245 |
1 |
4 |
|a The purchasing of maintenance service delivery in the Dutch social housing sector
|h [electronic resource] :
|b optimising commodity strategies for delivering maintenance services to tenants : proefschrift /
|c Johan Hendrik van Mossel.
|
| 260 |
|
|
|a Delft :
|b Delft University of Technology,
|c 2008.
|
| 300 |
|
|
|a 284 p.
|
| 490 |
1 |
|
|a Sustainable urban areas,
|x 1574-6410 ;
|v 17
|
| 500 |
|
|
|a Doctoral thesis, Delft University of Technology.
|
| 504 |
|
|
|a Includes bibliographical references.
|
| 533 |
|
|
|a Electronic reproduction. Ann Arbor, MI : ProQuest, 2015. Available via World Wide Web. Access may be limited to ProQuest affiliated libraries.
|
| 546 |
|
|
|a Summary in Dutch.
|
| 650 |
|
0 |
|a Buildings
|x Maintenance and repair
|z Netherlands.
|
| 650 |
|
0 |
|a Public housing
|x Resident satisfaction
|z Netherlands.
|
| 650 |
|
0 |
|a Public housing
|z Netherlands.
|
| 655 |
|
4 |
|a Electronic books.
|
| 710 |
2 |
|
|a ProQuest (Firm)
|
| 830 |
|
0 |
|a Sustainable urban areas ;
|v 17.
|
| 856 |
4 |
0 |
|u https://ebookcentral.proquest.com/lib/matrademy/detail.action?docID=3015003
|z Click to View
|